| 000 | 00753cab a2200205 4500 | ||
|---|---|---|---|
| 001 | L136610 | ||
| 008 | 070212n2007 000 0 eng u | ||
| 035 | _a(Sirsi) u136610 | ||
| 041 | 0 | _aeng | |
| 100 | 1 | _aEade, Christine | |
| 245 | 0 | 0 |
_aRegional _bWest End |
| 260 | _c2007 | ||
| 490 | 0 |
_aProperty Week _v72(6) 9 February 2007, 77-93(11) |
|
| 520 | _aDiscusses the various campaigns of Westminster residents' lobby groups, how hedge funds are affecting rents in the West End, the difficulties in securing residential tenancy on Regent Street and the proposed merchant Square scheme. | ||
| 590 | _aKA | ||
| 651 | 4 | _aLONDON WEST END | |
| 690 | _aPROPERTY-COMMERCIAL PROPERTY-COMMERCIAL PROPERTY MARKET | ||
| 700 | 1 | _aHodgekiss, Anna | |
| 942 | _n0 | ||
| 999 |
_c78368 _d78368 |
||